|
|
|
|
| LEADER |
00714cam a2200193 7i4500 |
| 001 |
0000031013 |
| 005 |
20171031090000.0 |
| 008 |
101222 eng |
| 020 |
|
|
|a 9788120332584 (pbk.)
|
| 090 |
0 |
0 |
|a QA76.76.O63
|b B43 2007
|
| 100 |
1 |
|
|a Bhatt, Pramod Chandra P
|
| 245 |
1 |
3 |
|a An introduction to operating systems :
|b concepts and practice
|c Pramod Chandra P. Bhatt.
|
| 250 |
|
|
|a 2nd ed.
|
| 260 |
|
|
|a New Delhi:
|b PHI Learning Pvt. Ltd.,
|c 2007.
|
| 300 |
|
|
|a xxiii, 616 p.:
|b ill.;
|c 24 cm.
|
| 500 |
|
|
|a Includes index
|
| 650 |
0 |
0 |
|a Operating systems (Computers)
|
| 997 |
|
|
|a Engineering & Life Sciences, Faculty
|b Engineering, Department
|
| 999 |
|
|
|a 0000041801
|b BOK
|c OPEN SHELF
|e 2nd Floor, Bestari Jaya
|